000 00593nam a2200181 a 4500
001 000348617
003 AM-YeHGA
005 20250617131253.0
008 040702s1985 ||| r 000 0 rus d
040 _aAM-YeHGA
041 0 _arus
100 1 _aПагирев, Глеб Валентинович
245 1 0 _aДни :
_bИзбр. стихи /
_cГлеб Пагирев.
260 _aЛенинград :
_bСов. писатель. Ленингр. отд-ние,
_c1985.
300 _a248 с.
_bпортр.
653 0 _aРусская советская поэзия
090 _c134456
999 _c133089
_d133089